书目信息 |
| 题名: |
透视专利权
|
|
| 作者: | 徐雅丽 , 王菁华 主编 | |
| 分册: | ||
| 出版信息: | 长春 吉林人民出版社 2005.07 |
|
| 页数: | 265页 | |
| 开本: | 21cm | |
| 丛书名: | 《e时代知识权利》系列 | |
| 单 册: | ||
| 中图分类: | D913.04 | |
| 科图分类: | ||
| 主题词: | 计算机网络--知识产权--研究 | |
| 电子资源: | ||
| ISBN: | 7-206-03863-8 | |
| 000 | 01004nam 2200265 450 | |
| 001 | 192004002426 | |
| 005 | 20070907162652.62 | |
| 010 | @a7-206-03863-8@dCNY22.13 | |
| 100 | @a20070601d2005 ekmy0chiy0121 ea | |
| 101 | 0 | @achi@aeng |
| 102 | @aCN@b220000 | |
| 105 | @ay z 000yy | |
| 200 | 1 | @a透视专利权@Atou shi zhuan li quan@f徐雅丽, 王菁华主编@Fxu ya li,wang jing hua zhu bian |
| 210 | @a长春@c吉林人民出版社@d2005.07 | |
| 215 | @a265页@d21cm | |
| 225 | 0 | @a《e时代知识权利》系列@A《e shi dai zhi shi quan li》 ji lie |
| 330 | @a中国入世在即,知识产权及其相关法律将在入世后成为中外法律界、经济界人世倍加关注的问题,本书汇集了近年平中国法律工作者关于知识产权各种论述与分析,是研究、了解e时代知识产权相关问题的资料库、理论库。 | |
| 410 | 0 | @12001 @ae时代知识权利系列 |
| 512 | 1 | @e时代知识产权 |
| 606 | 0 | @a计算机网络@x知识产权@x研究 |
| 690 | @aD913.04@v4 | |
| 701 | 0 | @a徐雅丽@Axu ya li@4主编 |
| 701 | 0 | @a王菁华@Awang jing hua@4主编 |
| 801 | 0 | @aCN@c20070907 |
| 905 | @dD913.04@eX8332 | |
| 透视专利权/徐雅丽, 王菁华主编.-长春:吉林人民出版社,2005.07 |
| 265页;21cm.-(《e时代知识权利》系列) |
| ISBN 7-206-03863-8:CNY22.13 |
| 中国入世在即,知识产权及其相关法律将在入世后成为中外法律界、经济界人世倍加关注的问题,本书汇集了近年平中国法律工作者关于知识产权各种论述与分析,是研究、了解e时代知识产权相关问题的资料库、理论库。 |
| ● |
| 相关链接 |
|
|
|
正题名:透视专利权
索取号:D913.04/X8332
 
预约/预借
| 序号 | 登录号 | 条形码 | 馆藏地/架位号 | 状态 | 备注 |
| 1 | 620320 | 206203204 | 社科库509/509社科库 81排7列3层/ [索取号:D913.04/X8332] | 在馆 | |
| 2 | 620321 | 206203213 | 社科库509/509社科库 81排7列3层/ [索取号:D913.04/X8332] | 在馆 | |
| 3 | 620322 | 206203222 | 法学院资料室/ [索取号:D913.04/X8332] | 在馆 |